000 00332nam a22001457a 4500
008 221205b ||||| |||| 00| 0 eng d
020 _a9780077836375
041 _aeng
080 _2FOURTEENTH EDITION
_a159.9
082 _a159.9FOX
100 _a25
101 _aPSI
245 _aHUMAN PHYSIOLOGY
_cFOX IRA S
942 _2udc
_cBK
999 _c59087
_d59087